Computer Aided Design / (Record no. 1546)

000 -LEADER
fixed length control field 00414nam a22001457a 4500
008 - FIXED-LENGTH DATA ELEMENTS--GENERAL INFORMATION
fixed length control field 200127b ||||| |||| 00| 0 eng d
020 ## - INTERNATIONAL STANDARD BOOK NUMBER
International Standard Book Number 818519839X
082 00 - DEWEY DECIMAL CLASSIFICATION NUMBER
Classification number 005.12028
Item number K9282
100 ## - MAIN ENTRY--PERSONAL NAME
9 (RLIN) 1181
Personal name Krishnamoorthy, C. S.
245 10 - TITLE STATEMENT
Title Computer Aided Design /
260 ## - PUBLICATION, DISTRIBUTION, ETC. (IMPRINT)
Place of publication, distribution, etc New Delhi:
Name of publisher, distributor, etc Narosa Publishing,
Date of publication, distribution, etc 1995.
300 ## - PHYSICAL DESCRIPTION
Extent xvi, 437 p.
650 #0 - SUBJECT ADDED ENTRY--TOPICAL TERM
Topical term or geographic name as entry element Computer Aided Design
942 ## - ADDED ENTRY ELEMENTS (KOHA)
Item type Books
Holdings
Withdrawn status Lost status Source of classification or shelving scheme Damaged status Not for loan Permanent location Current location Date acquired Source of acquisition Full call number Barcode Date last seen Cost, replacement price Koha item type
          IMU Kolkata IMU Kolkata 1998-02-20 Jyoti, the Book People 005.12028 K9282 08880 2020-01-27 145.00 Books
          IMU Kolkata IMU Kolkata 1998-02-20 Jyoti, the Book People 005.12028 K9282 08881 2020-01-27 145.00 Books
Designed and Maintained by IMU-KC Library, Kolkata Campus © Copyright All Rights Reserved

webs counters

Powered by Koha